000
00306nam a22001337a 4500
008
181217b xxu||||| |||| 00| 0 eng d
020
_a
9781119298274
041
_a
eng
080
_a
004
100
_a
36
101
_a
shk
245
_a
Microsoft Official Academic Course
_c
Richie.G.D
942
_2
udc
_c
BK
999
_c
53243
_d
53243